Matemática : 2 [E. G. B.]. Guía didáctica /
Saved in:
| Other Authors: | |
|---|---|
| Format: | Book |
| Language: | Spanish |
| Published: |
Madrid :
Santillana,
1977
|
| Textbook Catalogue: | MANES: Library Catalog Search Result |
| Textbook Classification: |
|
| Series: | EGB Santillana
|
| Tags: |
Add Tag
No Tags, Be the first to tag this record!
|
| Added to: | 1999-11-29 |
| Changed in: | 2025-05-07 |
MARC
| LEADER | 00000cam a2200000#i 4500 | ||
|---|---|---|---|
| 005 | 20250507134516.0 | ||
| 008 | 000000s1977 espa p 000 0 spa d | ||
| 020 | |a 8429414037 | ||
| 040 | |a uned |b spa |c entro-manes | ||
| 245 | 0 | 0 | |a Matemática : |b 2 [E. G. B.]. |p Guía didáctica / |c [material con la dirección de Antonio Ramos ; realización, María Gutiérrez, Matilde Sánchez García - Saúco y María del Carmen Vázquez] |
| 260 | |a Madrid : |b Santillana, |c 1977 | ||
| 300 | |a 336 p. : |b il. col. | ||
| 490 | 0 | |a EGB Santillana | |
| 546 | |a España | ||
| 561 | |5 es-BUNED |3 L.T.M. 0322 |a España. Fondo Manes UNED |k MANES | ||
| 690 | 0 | |a MATE | |
| 691 | 0 | |a PRI | |
| 700 | 1 | |a Ramos, Antonio |9 14926 |a Gutiérrez, María |a Sánchez García Saúco, Matilde . |9 36558 |a Vázquez, María del Carmen | |
| 942 | |2 ddc |c BK | ||
| 999 | |c 96080 |d 96080 | ||
| 999 | |c manes:96080 |d 96080 | ||